The noble scholar, jurist, historian


 His Excellency Dr. Abdul Wahhab bin Ibrahim Abu Sulaiman, may Allah have mercy on him.


 He was born in Umm Al-Qura in the year 1356 AH.

100 كتاب في كتاب/ (Record no. 14504)

MARC details
000 -LEADER
fixed length control field 00974caa a2200265 ib4500
003 - CONTROL NUMBER IDENTIFIER
control field SA-RiAUC
005 - DATE AND TIME OF LATEST TRANSACTION
control field 20260306135515.0
008 - FIXED-LENGTH DATA ELEMENTS--GENERAL INFORMATION
fixed length control field 260301s1962 ku g f000f0 ara c
040 ## - CATALOGING SOURCE
Original cataloging agency SA-JeALM
Language of cataloging ara
Transcribing agency SA-RiAUC
Description conventions rda
043 ## - GEOGRAPHIC AREA CODE
Geographic area code a-ku---
082 04 - DEWEY DECIMAL CLASSIFICATION NUMBER
Classification number 306.079531
090 ## - LOCALLY ASSIGNED LC-TYPE CALL NUMBER (OCLC); LOCAL CALL NUMBER (RLIN)
Classification number (OCLC) (R) ; Classification number, CALL (RLIN) (NR) 306.079531
Local cutter number (OCLC) ; Book number/undivided call number, CALL (RLIN) خ ي ا
100 ## - MAIN ENTRY--PERSONAL NAME
Personal name خياط، عبدالله عمر
245 00 - TITLE STATEMENT
Title 100 كتاب في كتاب/
Statement of responsibility, etc. عبدالله عمر خياط
246 3# - VARYING FORM OF TITLE
Title proper/short title مائة كتاب في كتاب
250 ## - EDITION STATEMENT
Edition statement الطبعة الاولى.
300 ## - PHYSICAL DESCRIPTION
Extent 335 صفحة :
Dimensions 24 سم.
336 ## - CONTENT TYPE
Content type term نص
Content type code txt
Source rdacontent
Materials specified كتاب
337 ## - MEDIA TYPE
Media type term بدون وسيط
Media type code n
Source rdamedia
490 ## - SERIES STATEMENT
Series statement المجموعة الكاملة
Volume/sequential designation 10
500 ## - GENERAL NOTE
General note اهداء من المؤلف عبدالله عمر خياط الى الشيخ رحمه الله
650 #7 - SUBJECT ADDED ENTRY--TOPICAL TERM
Topical term or geographic name entry element الثقافة
Form subdivision مقالات ومحاضرات
Geographic subdivision السعودية
Source of heading or term aucsh
942 ## - ADDED ENTRY ELEMENTS (KOHA)
Source of classification or shelving scheme Dewey Decimal Classification
Koha item type Books
Suppress in OPAC No
949 ## - LOCAL PROCESSING INFORMATION (OCLC)
a SA-JeALM
d 260301
u osman123
n 1
Holdings
Withdrawn status Lost status Source of classification or shelving scheme Damaged status Not for loan Home library Current library Date acquired Total checkouts Full call number Barcode Date last seen Price effective from Koha item type
    Dewey Decimal Classification     DR AbdElwahab Library DR AbdElwahab Library 03/06/2026   306.079531 خ ي ا 000022962 03/06/2026 03/06/2026 Books